| 000 | 00489nam a22001577a 4500 | ||
|---|---|---|---|
| 003 | macl | ||
| 005 | 20170530130151.0 | ||
| 008 | 170530b xxu||||| |||| 00| 0 eng d | ||
| 040 | _cmacl | ||
| 082 | _a891.433/ABB | ||
| 100 |
_aअब्बास ,ख्वाजा अहमद _967270 |
||
| 245 | _aसाहिल और समन् दर | ||
| 260 |
_aदिल्ली _bतेजस बुक _c2017 |
||
| 650 |
_aकहनियॉ _967271 |
||
| 942 |
_2ddc _cHIN |
||
| 999 |
_c56408 _d56408 |
||